Implementación del laboratorio de simulación de sistemas de potencia en la Escuela de Ingeniería Eléctrica de la Universidad de Costa Rica
Salvato in:
| Autore principale: | |
|---|---|
| Altri autori: | , , |
| Natura: | Libro |
| Pubblicazione: |
[San José, Costa Rica]
2003
|
| Soggetti: | |
| Tags: |
Aggiungi Tag
Nessun Tag, puoi essere il primo ad aggiungerne!!
|
MARC
| LEADER | 00000nam a2200000Ia 4500 | ||
|---|---|---|---|
| 003 | 009183 | ||
| 005 | 20240125083352.0 | ||
| 008 | 140114s2003 cr a m 000 ||s d | ||
| 040 | |c cru CEDI | ||
| 090 | |a TFG 4724 | ||
| 100 | |a Bogantes, Douglas |9 6948 | ||
| 245 | |a Implementación del laboratorio de simulación de sistemas de potencia en la Escuela de Ingeniería Eléctrica de la Universidad de Costa Rica | ||
| 260 | |a [San José, Costa Rica] |c 2003 | ||
| 300 | |a xix, 260, [6] , [1] hojas plegables : ilustraciones | ||
| 500 | |a Proyecto de graduación (bachillerato en ingeniería eléctrica)--Universidad de Costa Rica. Facultad de Ingeniería. Escuela de Ingeniería Eléctrica | ||
| 501 | |a Profesor Guía de Proyecto Eléctrico: Ing. M. Sc. Profesor Guía de Proyecto Eléctrico: Ing. M. Sc. Emilio Alpízar Villegas | ||
| 650 | |x TRANSMISION DE POTENCIA |x SIMULACION POR COMPUTADORAS DIGITALES |x PROGRAMAS PARA COMPUTADORA |9 6952 | ||
| 700 | |9 6950 |a Rodríguez, Eduardo | ||
| 700 | |9 6951 |a Zaglul, Anabelle | ||
| 700 | |a Alpízar Villegas, Emilio, 1951- |d Director del Proyecto Eléctrico |9 2198 | ||
| 942 | |c TFG |h TFG 4724 |i 009183 |6 TFG_4724_009183000000000 | ||
| 999 | |c 17757 |d 17757 | ||
